[Event "Championnat de France des Jeunes - Minim"]
[Site "NIMES"]
[Date "2012.04.18"]
[Round "6.3"]
[White "Gelas, Christophe"]
[Black "Cantin, Loic"]
[Result "1-0"]
[WhiteElo "2149"]
[BlackElo "1995"]
[PlyCount "91"]

1. d4 Nf6 2. c4 g6 3. f3 Bg7 4. e4 d6 5. Nc3 O-O 6. Bg5 c5 7. d5 e6 8. Qd2 Qa5
9. a4 Na6 10. Nge2 Nb4 11. Nc1 e5 12. Nd3 Qd8 13. Be2 h6 14. Be3 Kh7 15. O-O
Nxd3 16. Bxd3 Nh5 17. Ne2 a5 18. g4 Nf4 19. Nxf4 exf4 20. Bxf4 Bd4+ 21. Kg2 h5
22. h3 Rh8 23. Rae1 Kg7 24. e5 hxg4 25. hxg4 dxe5 26. Bxe5+ Bxe5 27. Rxe5 Qh4
28. Qf4 Qh3+ 29. Kf2 Qh2+ 30. Qxh2 Rxh2+ 31. Kg3 Rxb2 32. Re8 b6 33. d6 Rd2 34.
Be4 Ra7 35. Rxc8 Rxd6 36. Bd5 Re7 37. g5 Re5 38. Kg4 Rdxd5 39. cxd5 Rxd5 40. f4
Rd4 41. Re1 Rxa4 42. Ree8 f5+ 43. gxf6+ Kxf6 44. Rc6+ Kf7 45. Ra8 Rb4 46. Ra7+
1-0

[Event "Championnat de France des Jeunes - Minim"]
[Site "NIMES"]
[Date "2012.04.18"]
[Round "6.4"]
[White "Salles, Louis"]
[Black "Mkrtchyan, Armen"]
[Result "1-0"]
[WhiteElo "2129"]
[BlackElo "1967"]
[PlyCount "67"]

1. e4 e5 2. Nf3 Nc6 3. d4 exd4 4. Nxd4 Bc5 5. Be3 Qf6 6. c3 Nge7 7. Bc4 Ne5 8.
Be2 Qg6 9. O-O Bb6 10. Nd2 d5 11. Bh5 Qf6 12. f4 Qh6 13. Qe2 g6 14. Bf3 Nxf3+
15. Qxf3 Qh5 16. Qf2 O-O 17. f5 f6 18. fxg6 hxg6 19. e5 Qxe5 20. Bh6 Rf7 21.
Rae1 Qf5 22. Qg3 Qg4 23. Qf2 Nf5 24. Re8+ Kh7 25. Be3 Nxe3 26. Qxe3 c5 27. Rxf6
Qd1+ 28. Nf1 Rg7 29. Rff8 g5 30. Rxc8 Rxc8 31. Qh3+ Kg6 32. Qf5+ Kh6 33. Rxc8
Rg6 34. Rh8+ 1-0

[Event "Championnat de France des Jeunes - Minim"]
[Site "NIMES"]
[Date "2012.04.18"]
[Round "6.5"]
[White "Mirimanian, Haik"]
[Black "Viennot, Dylan"]
[Result "0-1"]
[WhiteElo "1946"]
[BlackElo "2115"]
[PlyCount "82"]

1. e4 e6 2. d4 d5 3. exd5 exd5 4. Bd3 Bd6 5. c3 Ne7 6. Qf3 Nd7 7. Ne2 Nf6 8. h3
c6 9. O-O Ng6 10. Qe3+ Qe7 11. Qxe7+ Nxe7 12. Re1 Be6 13. Bf4 Kd7 14. Nd2 Ng6
15. Bxd6 Kxd6 16. f4 Nh4 17. Kf2 h5 18. Ng3 g6 19. Re3 b6 20. Rae1 Rac8 21. Nf3
Nxf3 22. Kxf3 h4 23. Nf1 Ne4 24. Bxe4 dxe4+ 25. Kf2 f5 26. Nd2 b5 27. a3 Bd5
28. Ra1 Rce8 29. b3 g5 30. g3 hxg3+ 31. Kxg3 Reg8 32. fxg5 Rxg5+ 33. Kh2 Rhg8
34. Rd1 Rg2+ 35. Kh1 Rxd2 36. Rxd2 f4 37. Rde2 fxe3 38. Rxe3 Bxb3 39. Kh2 Kd5
40. h4 Bd1 41. Kh3 Bf3 0-1

[Event "Championnat de France des Jeunes - Minim"]
[Site "NIMES"]
[Date "2012.04.19"]
[Round "7.1"]
[White "Kirk, Ezra"]
[Black "Giroyan, Gary"]
[Result "0-1"]
[WhiteElo "2201"]
[BlackElo "2364"]
[PlyCount "102"]

1. d4 Nf6 2. c4 g6 3. Nc3 d5 4. cxd5 Nxd5 5. e4 Nxc3 6. bxc3 Bg7 7. Be3 c5 8.
Qd2 O-O 9. Nf3 Qa5 10. Rc1 Rd8 11. d5 e6 12. Bg5 Rd7 13. Bh6 exd5 14. Bxg7 Kxg7
15. exd5 b5 16. c4 Qxd2+ 17. Kxd2 bxc4 18. Bxc4 Bb7 19. Kc3 Na6 20. Ne5 Rd6 21.
Nd3 Bxd5 22. Bxd5 Rxd5 23. Rcd1 Rad8 24. Nb2 Rd4 25. a3 Nc7 26. Rxd4 cxd4+ 27.
Kc4 Ne6 28. Nd3 Rc8+ 29. Kb4 Kf6 30. Rd1 Ke7 31. Kb5 Rc2 32. Ka6 Rc3 33. Kxa7
Rxa3+ 34. Kb6 Rc3 35. Rd2 Kd6 36. Kb5 Nc7+ 37. Ka4 Nd5 38. Kb5 Nc7+ 39. Ka4 Kd5
40. Kb4 Ne6 41. Kb5 Nc7+ 42. Kb4 g5 43. h4 gxh4 44. f3 Ne6 45. Ne1 Nf4 46. Nc2
Rd3 47. Rf2 Rd1 48. Kb3 Nd3 49. Nb4+ Nxb4 50. Kxb4 Rb1+ 51. Ka3 d3 0-1

[Event "Championnat de France des Jeunes - Minim"]
[Site "NIMES"]
[Date "2012.04.19"]
[Round "7.2"]
[White "Lamard, Guillaume"]
[Black "Gelas, Christophe"]
[Result "0-1"]
[WhiteElo "2224"]
[BlackElo "2149"]
[PlyCount "98"]

1. d4 d5 2. c4 c6 3. Nc3 Nf6 4. e3 Bf5 5. cxd5 cxd5 6. Qb3 Bc8 7. Nf3 e6 8.
Bb5+ Nc6 9. O-O Bd6 10. Bd2 O-O 11. Bd3 Qe7 12. e4 dxe4 13. Nxe4 Nd5 14. Rfe1
b6 15. Rac1 Bb7 16. a3 h6 17. Bc4 Qd7 18. Bb5 a6 19. Bc4 Nce7 20. Ne5 Bxe5 21.
dxe5 b5 22. Bf1 Nf5 23. Nc5 Qe7 24. a4 Bc6 25. a5 Rfd8 26. Qh3 Nc7 27. Bd3 Rd4
28. Bxf5 Rxd2 29. Be4 Bxe4 30. Nxe4 Rd4 31. Qe3 Rb4 32. Qd2 Nd5 33. Nd6 Qd8 34.
Nb7 Qh4 35. Nd6 Rd8 36. Rc6 Rd4 37. Qc2 Nb4 38. Qc3 Nxc6 39. Qxc6 Rd2 40. Qb6
Rf8 41. Rf1 Qd4 42. Qxa6 Qxe5 43. Nxb5 Rxb2 44. Nd6 Rd8 45. Nc8 Qe2 46. Ne7+
Kf8 47. Qxe2 Rxe2 48. Nc6 Rd6 49. Nb4 Rb2 0-1

[Event "Championnat de France des Jeunes - Minim"]
[Site "NIMES"]
[Date "2012.04.19"]
[Round "7.3"]
[White "Viennot, Dylan"]
[Black "Salles, Louis"]
[Result "0-1"]
[WhiteElo "2115"]
[BlackElo "2129"]
[PlyCount "136"]

1. e4 c5 2. Nf3 d6 3. d4 cxd4 4. Qxd4 a6 5. h3 Nc6 6. Qe3 Nf6 7. c4 e6 8. Be2
Be7 9. O-O O-O 10. Rd1 Qc7 11. Nc3 Ne5 12. b3 Rd8 13. a4 b6 14. Ba3 Bf8 15. Rd2
Bb7 16. Rad1 Rac8 17. Nd4 Ng6 18. Bf3 Re8 19. Qg5 Ne5 20. Nc2 Rcd8 21. Ne3 Qb8
22. Bb2 Qa8 23. Ng4 Nexg4 24. hxg4 h6 25. Qe3 Nd7 26. Ba3 Nc5 27. Bxc5 dxc5 28.
e5 Bxf3 29. Qxf3 Qb8 30. Rxd8 Rxd8 31. Rxd8 Qxd8 32. Qd1 Qg5 33. Qe2 Qc1+ 34.
Nd1 Qb1 35. Qf3 g6 36. Kh2 Bg7 37. Qa8+ Kh7 38. Ne3 Bxe5+ 39. g3 Qb2 40. Kg2
Bd4 41. Kf3 Qxb3 42. Qf8 Bg7 43. Qxf7 Qxa4 44. Qxe6 b5 45. Qc6 Qa1 46. Qxc5
bxc4 47. Qxc4 a5 48. Ke2 a4 49. Nc2 Qe5+ 50. Kd3 Qd6+ 51. Ke2 a3 52. f4 Qe7+
53. Kf1 Qa7 54. Qa2 Qa6+ 55. Ke1 Bc3+ 56. Kf2 Qa7+ 57. Ke2 Bb2 58. f5 Qe7+ 59.
Kf3 g5 60. Qd5 Kg7 61. Ne3 Qf7 62. Qb5 Bf6 63. Nc2 a2 64. Qa4 Qd5+ 65. Ke2 Qe5+
66. Kd2 Qc3+ 67. Kc1 a1=Q+ 68. Qxa1 Qxa1+ 0-1

[Event "Championnat de France des Jeunes - Minim"]
[Site "NIMES"]
[Date "2012.04.19"]
[Round "7.4"]
[White "N'Guyen, Emilien"]
[Black "Malka, Samuel"]
[Result "0-1"]
[WhiteElo "1943"]
[BlackElo "2125"]
[PlyCount "46"]

1. d4 Nf6 2. c4 g6 3. Nc3 Bg7 4. e4 d6 5. Nf3 O-O 6. Be2 e5 7. d5 a5 8. Bg5 h6
9. Bh4 Na6 10. Nd2 Qe8 11. a3 Bd7 12. b3 Nh7 13. Rb1 h5 14. f3 Bh6 15. Bf2 Qe7
16. h3 h4 17. Nf1 Bf4 18. g3 hxg3 19. Bxg3 Bxg3+ 20. Nxg3 Qh4 21. Kf2 f5 22.
exf5 gxf5 23. Kg2 Kh8 0-1

[Event "Championnat de France des Jeunes - Minim"]
[Site "NIMES"]
[Date "2012.04.19"]
[Round "7.5"]
[White "Dupouy, Francois"]
[Black "Bigonnet, Jean-Michel"]
[Result "1-0"]
[WhiteElo "1904"]
[BlackElo "1956"]
[PlyCount "53"]

1. e4 c5 2. Nf3 d6 3. d4 cxd4 4. Nxd4 Nf6 5. Nc3 e6 6. Be2 Be7 7. O-O O-O 8. f4
Nc6 9. Be3 Bd7 10. Qe1 Nxd4 11. Bxd4 Bc6 12. Qg3 g6 13. Bf3 b5 14. Rad1 Nd7 15.
e5 Bxf3 16. Qxf3 d5 17. Nxb5 Qa5 18. Nc3 Rfc8 19. Kh1 Nc5 20. g4 Rc7 21. f5 Bf8
22. fxe6 fxe6 23. Nxd5 Rb7 24. Nf6+ Kh8 25. Bxc5 Rxb2 26. Qxa8 Qxc5 27. Rd7 1-0

[Event "Championnat de France des Jeunes - Minim"]
[Site "NIMES"]
[Date "2012.04.20"]
[Round "8.1"]
[White "Giroyan, Gary"]
[Black "Salles, Louis"]
[Result "1-0"]
[WhiteElo "2364"]
[BlackElo "2129"]
[PlyCount "51"]

1. d4 Nf6 2. c4 g6 3. Nc3 Bg7 4. e4 d6 5. Nf3 O-O 6. Be2 e5 7. O-O Nc6 8. Be3
Ng4 9. Bg5 f6 10. Bc1 f5 11. d5 Ne7 12. exf5 gxf5 13. Ng5 Nf6 14. f4 h6 15. Ne6
Bxe6 16. dxe6 e4 17. Be3 c6 18. Kh1 Nc8 19. g4 Ne7 20. g5 Ne8 21. Bh5 d5 22.
gxh6 Bxh6 23. Bf7+ Kh7 24. Bd4 Nd6 25. Qh5 Nxf7 26. Rg1 1-0

[Event "Championnat de France des Jeunes - Minim"]
[Site "NIMES"]
[Date "2012.04.20"]
[Round "8.2"]
[White "Gelas, Christophe"]
[Black "Kirk, Ezra"]
[Result "1-0"]
[WhiteElo "2149"]
[BlackElo "2201"]
[PlyCount "55"]

1. d4 Nf6 2. c4 g6 3. f3 Bg7 4. e4 d6 5. Nc3 O-O 6. Bg5 Nc6 7. Qd2 a6 8. Nge2
Rb8 9. h4 b5 10. O-O-O bxc4 11. h5 Nxh5 12. g4 Nb4 13. Nf4 c5 14. Nxh5 cxd4 15.
Qh2 gxh5 16. Qxh5 f6 17. Qxh7+ Kf7 18. Bxc4+ e6 19. Rh6 fxg5 20. Qg6+ Ke7 21.
Qxg7+ Ke8 22. Qg6+ Kd7 23. Rxd4 Kc7 24. Bxe6 Nc6 25. Nd5+ Kb7 26. Rh7+ Ka8 27.
Nc7+ Kb7 28. Rxd6 1-0

[Event "Championnat de France des Jeunes - Minim"]
[Site "NIMES"]
[Date "2012.04.20"]
[Round "8.3"]
[White "Malka, Samuel"]
[Black "Dupouy, Francois"]
[Result "1-0"]
[WhiteElo "2125"]
[BlackElo "1904"]
[PlyCount "59"]

1. d4 Nf6 2. Nf3 g6 3. c4 Bg7 4. Nc3 O-O 5. e4 d6 6. Be2 Nbd7 7. O-O e5 8. Be3
Re8 9. Qc2 exd4 10. Nxd4 Nc5 11. f3 a5 12. Rad1 Nfd7 13. Bf2 c6 14. f4 Qe7 15.
Bf3 Nf6 16. h3 Nfxe4 17. Nxe4 Bxd4 18. Rxd4 Bf5 19. Re1 Ne6 20. Rdd1 Nxf4 21.
Qd2 d5 22. Qxf4 dxe4 23. Bg4 Bxg4 24. hxg4 Qe6 25. Bd4 f5 26. gxf5 gxf5 27. Re3
Rad8 28. Rg3+ Kf8 29. Rg5 Qxc4 30. Qxf5+ 1-0

[Event "Championnat de France des Jeunes - Minim"]
[Site "NIMES"]
[Date "2012.04.20"]
[Round "8.4"]
[White "Lamard, Guillaume"]
[Black "Viennot, Dylan"]
[Result "0-1"]
[WhiteElo "2224"]
[BlackElo "2115"]
[PlyCount "78"]

1. c4 e6 2. g3 d5 3. Bg2 Nf6 4. Nf3 Nbd7 5. Qc2 dxc4 6. Qxc4 Bd6 7. Qc2 O-O 8.
Nc3 c6 9. O-O Nd5 10. d4 Re8 11. a3 Nxc3 12. bxc3 e5 13. e4 Qc7 14. Be3 Nb6 15.
Nd2 Be6 16. dxe5 Bxe5 17. f4 Bf6 18. e5 Nc4 19. Bd4 Be7 20. Ne4 g6 21. f5 Bxf5
22. Rxf5 gxf5 23. Nf6+ Bxf6 24. exf6 Nd6 25. Qd2 Kh8 26. Qh6 Rg8 27. Re1 Rg6
28. Qf4 Nb5 29. Be5 Qb6+ 30. Kh1 Re8 31. Bh3 Nd6 32. Rf1 Nc4 33. Bd4 c5 34.
Bxf5 Qc6+ 35. Kg1 cxd4 36. Bxg6 Ne3 37. Rf2 Qxc3 38. h4 Qe1+ 39. Kh2 Ng4+ 0-1

[Event "Championnat de France des Jeunes - Minim"]
[Site "NIMES"]
[Date "2012.04.20"]
[Round "8.5"]
[White "Poulet, Pierre-Emmanuel"]
[Black "Kambrath, Yannick"]
[Result "0-1"]
[WhiteElo "1986"]
[BlackElo "2228"]
[PlyCount "62"]

1. e4 c5 2. Nf3 e6 3. d4 cxd4 4. Nxd4 Nc6 5. Nc3 d6 6. g4 Nge7 7. Be3 a6 8. f4
Nxd4 9. Qxd4 Nc6 10. Qd2 Be7 11. O-O-O O-O 12. Qf2 b5 13. Bg2 Bb7 14. g5 Rc8
15. h4 Qd7 16. Bh3 Na5 17. Nd5 Bd8 18. f5 exd5 19. f6 Qc7 20. fxg7 Re8 21. Bxc8
Bxc8 22. exd5 Nc4 23. Bd4 Ne5 24. Bxe5 Rxe5 25. Kb1 Qb6 26. Qf4 Qe3 27. Qxe3
Rxe3 28. Rhe1 Rxe1 29. Rxe1 Bd7 30. Re4 Kxg7 31. c4 Bf5 0-1

[Event "Championnat de France des Jeunes - Minim"]
[Site "NIMES"]
[Date "2012.04.21"]
[Round "9.1"]
[White "Gelas, Christophe"]
[Black "Giroyan, Gary"]
[Result "1/2-1/2"]
[WhiteElo "2149"]
[BlackElo "2364"]
[PlyCount "77"]

1. d4 Nf6 2. c4 e6 3. Nc3 Bb4 4. Qc2 d5 5. Bg5 h6 6. Bxf6 Qxf6 7. e3 O-O 8. Nf3
Nd7 9. cxd5 exd5 10. Bd3 c6 11. O-O Qe7 12. a3 Bd6 13. e4 dxe4 14. Nxe4 Nf6 15.
Rfe1 Nxe4 16. Bxe4 Qf6 17. Ne5 Be6 18. Re3 Rad8 19. Rae1 Bc7 20. Rf3 Qe7 21.
Bh7+ Kh8 22. Bf5 Bxe5 23. Rxe5 Bxf5 24. Rfxf5 Qd6 25. Re4 Qg6 26. Qc5 b6 27.
Qe5 Rfe8 28. Qxe8+ Rxe8 29. Rxe8+ Kh7 30. Rfe5 Qb1+ 31. Re1 Qxb2 32. h3 Qxa3
33. Rc8 Qc3 34. Re7 Qc1+ 35. Kh2 Qf4+ 36. Kg1 Qc1+ 37. Kh2 Qf4+ 38. Kg1 Qc1+
39. Kh2 1/2-1/2

[Event "Championnat de France des Jeunes - Minim"]
[Site "NIMES"]
[Date "2012.04.21"]
[Round "9.2"]
[White "Kambrath, Yannick"]
[Black "Malka, Samuel"]
[Result "1-0"]
[WhiteElo "2228"]
[BlackElo "2125"]
[PlyCount "119"]

1. d4 Nf6 2. c4 g6 3. Nc3 Bg7 4. e4 d6 5. Be2 O-O 6. Bg5 Na6 7. f4 c6 8. Qd2
Nc7 9. Bf3 Ne6 10. Bh4 c5 11. dxc5 Nxc5 12. Rd1 Qa5 13. Nge2 Bd7 14. O-O Bc6
15. Rfe1 Qa6 16. e5 dxe5 17. fxe5 Nfe4 18. Nxe4 Bxe4 19. Bxe4 Nxe4 20. Qe3 Qb6
21. Nd4 g5 22. Qxe4 gxh4 23. Kh1 e6 24. Nf3 h3 25. gxh3 Rad8 26. Rxd8 Rxd8 27.
Rg1 h5 28. Qf4 Qf2 29. Rxg7+ Kxg7 30. Qf6+ Kf8 31. Qxd8+ Kg7 32. Qf6+ Kf8 33.
Qd8+ Kg7 34. Qg5+ Kf8 35. Qg2 Qe3 36. b3 Qe4 37. Qf2 a5 38. Kg2 Qg6+ 39. Kf1
Qb1+ 40. Ne1 Qe4 41. Nf3 Qb1+ 42. Kg2 Qg6+ 43. Kh1 Qe4 44. Qg2 a4 45. Ng1 Qxe5
46. bxa4 b6 47. Qe2 Qa5 48. Nf3 Qxa4 49. Kg2 Qa5 50. Qd2 Qa8 51. Kg3 Ke8 52.
Qb2 Ke7 53. a3 Qc6 54. Qb4+ Kf6 55. Qc3+ Ke7 56. Qd4 f6 57. Kf2 Qc7 58. Ke3 Qa7
59. Qd3 b5+ 60. Ke2 1-0

[Event "Championnat de France des Jeunes - Minim"]
[Site "NIMES"]
[Date "2012.04.21"]
[Round "9.3"]
[White "Viennot, Dylan"]
[Black "Purenne, Benoit"]
[Result "1-0"]
[WhiteElo "2115"]
[BlackElo "2182"]
[PlyCount "115"]

1. e4 g6 2. d4 c6 3. Nc3 Bg7 4. h4 h5 5. Bc4 Nh6 6. Nge2 d5 7. exd5 Nf5 8. Bf4
O-O 9. Qd2 b5 10. dxc6 Nxc6 11. Nxb5 a6 12. Na3 Bb7 13. c3 e5 14. Bg5 Qc7 15.
d5 Na5 16. Bd3 Nd6 17. f3 f5 18. Bh6 e4 19. Bxg7 Qxg7 20. fxe4 fxe4 21. Bc2
Ndc4 22. Nxc4 Nxc4 23. Qd4 Qxd4 24. Nxd4 Ne3 25. Ke2 Nxg2 26. c4 Bc8 27. Bxe4
Bg4+ 28. Kd3 Nf4+ 29. Kc3 Rae8 30. Rae1 Kg7 31. Bd3 Ng2 32. Rxe8 Rxe8 33. Rh2
Nf4 34. Rf2 Nh3 35. Rd2 Re3 36. c5 Kf6 37. Kc4 Nf4 38. d6 Ke5 39. Nc6+ Kf6 40.
Nb4 Ke5 41. a4 Be6+ 42. Kc3 a5 43. Nc6+ Kd5 44. Nxa5 Kxc5 45. b4+ Kd5 46. Kc2
Ke5 47. d7 Bxd7 48. Nc4+ Kd4 49. Bf1+ Ke4 50. Rxd7 Rg3 51. a5 Nd5 52. Rxd5 Kxd5
53. a6 Kc6 54. b5+ Kc7 55. Bd3 Rg4 56. b6+ Kb8 57. Ne5 Rg2+ 58. Kc3 1-0

[Event "Championnat de France des Jeunes - Minim"]
[Site "NIMES"]
[Date "2012.04.21"]
[Round "9.4"]
[White "Salles, Louis"]
[Black "Mirimanian, Haik"]
[Result "0-1"]
[WhiteElo "2129"]
[BlackElo "1946"]
[PlyCount "112"]

1. e4 e6 2. d4 d5 3. Nc3 Nf6 4. e5 Nfd7 5. f4 c5 6. Nf3 Nc6 7. Be3 Be7 8. Qd2
a6 9. Ne2 cxd4 10. Nexd4 Nc5 11. Bd3 Bd7 12. O-O Qc7 13. c3 Nxd3 14. Qxd3 O-O
15. Qd2 Na5 16. Qf2 Nc4 17. Bc1 f6 18. Qg3 Rae8 19. b3 Na3 20. Bd2 Bd8 21. Rae1
Bb5 22. Bc1 Qc5 23. b4 Qxc3 24. Re3 Qc4 25. Rfe1 Bb6 26. exf6 g6 27. Bb2 Nc2
28. Ne5 Qxb4 29. Bc3 Qa4 30. Nxg6 Rxf6 31. Nh4+ Kf7 32. Nxc2 Qxc2 33. Bxf6 Kxf6
34. Qg5+ Kf7 35. f5 Bxe3+ 36. Rxe3 Qb1+ 37. Kf2 Qb2+ 38. Kf3 Qf6 39. Qh5+ Kg7
40. Qg4+ Kf8 41. Qb4+ Kf7 42. Qg4 e5 43. Qh5+ Kg8 44. Kf2 Re7 45. Rc3 Bc6 46.
Rg3+ Rg7 47. Rxg7+ Kxg7 48. g4 h6 49. Ng6 d4 50. Qh3 e4 51. Nf4 e3+ 52. Ke1 Qd6
53. Ne6+ Kh7 54. Qh5 Qb4+ 55. Kf1 Qb1+ 56. Ke2 Qc2+ 0-1

[Event "Championnat de France des Jeunes - Minim"]
[Site "NIMES"]
[Date "2012.04.21"]
[Round "9.5"]
[White "Vuddamalay, Milan"]
[Black "Lamard, Guillaume"]
[Result "1/2-1/2"]
[WhiteElo "1817"]
[BlackElo "2224"]
[PlyCount "123"]

1. d4 Nf6 2. c4 e6 3. Nc3 Bb4 4. f3 d5 5. a3 Bxc3+ 6. bxc3 O-O 7. cxd5 exd5 8.
e3 c5 9. Bd3 b6 10. Ne2 Ba6 11. O-O Re8 12. Ng3 Bxd3 13. Qxd3 Nc6 14. Ra2 Qd7
15. Rd1 Rac8 16. Re2 cxd4 17. cxd4 Nd8 18. e4 dxe4 19. fxe4 Ne6 20. d5 Rxc1 21.
Rxc1 Nf4 22. Qf3 Nxe2+ 23. Qxe2 g6 24. Qf3 Ng4 25. h4 h5 26. Qf4 Ne5 27. Qg5
Qe7 28. Qxe7 Rxe7 29. Rc8+ Kg7 30. Kf2 Kf6 31. Ke3 b5 32. Kd4 Rb7 33. Kc3 Nc4
34. a4 Nd6 35. Rc6 Ke5 36. axb5 Rxb5 37. Rc7 Rxd5 38. Re7+ Kf6 39. Rxf7+ Nxf7
40. exd5 Nd6 41. Kd4 Nf5+ 42. Nxf5 gxf5 43. Kc5 Ke7 44. Kc6 Kd8 45. g3 a5 46.
Kb5 Kd7 47. Kxa5 Kd6 48. Kb6 Kxd5 49. Kc7 Ke5 50. Kc6 Ke4 51. Kd6 Kf3 52. Ke5
Kg4 53. Kf6 f4 54. gxf4 Kxf4 55. Ke6 Kg4 56. Ke5 Kxh4 57. Kf4 Kh3 58. Kf3 Kh2
59. Kf2 h4 60. Kf1 h3 61. Kf2 Kh1 62. Kf1 1/2-1/2